01946 a2200193 45000010006000000050017000060080041000230030015000640400040000790800124001192450059002432500012003022640028003143000019003425051331003610410008016921000019017007000033017195394420260407155810.0260407a1955 arg spa dAR-UNSa-BCEJYS aAR-UNSa-BCEJYSbspacAR-UNSa-BCEJYS a330.101xCiencia económica en general. La economía y sus problemas. Objeto y métodos de la economía política 10aPrincipios de economía política y de tributación a2a. ed. 1aMadrid :bAguilarc1955 a349 p.c22 cm. a1. Del valor – 2. En la renta – 3. La renta de las minas – 4. Precio natural y precio del mercado – 5. Sobre los salarios – 6. De los beneficios – 7. Del comercio exterior – 8. De los impuestos – 9. Impuestos sobre los productos del suelo – 10. Impuestos sobre la renta de la tierra – 11. Diezmos – 12. Impuesto sobre la tierra – 13. Impuesto sobre el oro – 14. Impuesto sobre edificios – 15. Impuestos sobre los beneficios – 16. Impuestos sobre los salarios – 17. Impuestos sobre mercancías que no son productos del suelo – 18. Impuestos para asistencia de pobres – 19. Sobre los cambios repentinos de los cauces del tráfico – 20. Valor y riqueza. Sus caracteres distintos – 21. Efectos de la acumulación sobre los beneficios – 22. Primas a la exportación y prohibiciones de importación – 23. De las primas a la producción – 24. Doctrina de Adam Smith sobre la renta de la tierra – 25. El comercio colonial – 26. De la renta bruta y neta – 27. Sobre el dinero y los banco – 28. Sobre el valor relativo del oro, del trigo, y del trabajo en los países pobres – 29. Impuestos pagados por el productor – 30. Sobre la influencia de la oferta y la demanda de los precios – 31. Sobre la maquinaria – 32. Opiniones de Malthus sobre la renta de la tierra. aspa1 aRicardo, David1 aAlvarez, Valentín Andrés